000 00334nam a2200133Ia 4500
008 240624s9999 xx 000 0 und d
041 _aeng
082 _a658.87 SUR
100 _aSURESH K
245 _aRETAILING CONCEPTS AND CASES I
260 _c2006
_aHyderabad
_bICFAI Press
300 _axiv, : 190 : p. : cm. ; 24
365 _c
_b30
999 _c5898
_d5898